Śabdavṛttis, powers of words, (Record no. 76840)

MARC details
000 -LEADER
fixed length control field 00903cam a22003011 4500
001 - CONTROL NUMBER
control field sa 67007892
003 - CONTROL NUMBER IDENTIFIER
control field DLC
005 - DATE AND TIME OF LATEST TRANSACTION
control field 20260227112419.0
008 - FIXED-LENGTH DATA ELEMENTS--GENERAL INFORMATION
fixed length control field 871217s1966 ii b s000 0 eng
010 ## - LIBRARY OF CONGRESS CONTROL NUMBER
LC control number sa 67007892
025 ## - OVERSEAS ACQUISITION NUMBER
Overseas acquisition number PL480:I-E-8608
035 ## - SYSTEM CONTROL NUMBER
System control number (OCoLC)17252818
040 ## - CATALOGING SOURCE
Original cataloging agency DLC
Transcribing agency WaU
Modifying agency WaU
-- DLC
041 0# - LANGUAGE CODE
Language code of text/sound track or separate title engsan
042 ## - AUTHENTICATION CODE
Authentication code premarc
050 00 - LIBRARY OF CONGRESS CALL NUMBER
Classification number P106
Item number .M36
082 ## - DEWEY DECIMAL CLASSIFICATION NUMBER
Classification number 401
100 1# - MAIN ENTRY--PERSONAL NAME
Personal name Marulasiddaiah, G.,
Dates associated with a name 1921-
245 10 - TITLE STATEMENT
Title Śabdavṛttis, powers of words,
Statement of responsibility, etc. by G. Marulasiddaiah.
260 ## - PUBLICATION, DISTRIBUTION, ETC.
Place of publication, distribution, etc. Mysore,
Name of publisher, distributor, etc. Printed by the Superintendent, Govt. Text Book Press,
Date of publication, distribution, etc. 1966.
300 ## - PHYSICAL DESCRIPTION
Extent xxxvi, 180 p.
Dimensions 24 cm.
500 ## - GENERAL NOTE
General note At head of title: University of Mysore.
500 ## - GENERAL NOTE
General note English or Sanskrit.
504 ## - BIBLIOGRAPHY, ETC. NOTE
Bibliography, etc. note Bibliography: p. xxix-xxxii.
650 #0 - SUBJECT ADDED ENTRY--TOPICAL TERM
Topical term or geographic name entry element Language and languages
General subdivision Philosophy.
650 #0 - SUBJECT ADDED ENTRY--TOPICAL TERM
Topical term or geographic name entry element Meaning (Psychology)
710 2# - ADDED ENTRY--CORPORATE NAME
Corporate name or jurisdiction name as entry element University of Mysore.

No items available.

Powered by Koha